[Event "Top 12 FRA-chT 2017"]
[Site "Chartres"]
[Date "2017.05.20"]
[Round "3"]
[White "Shchekachev, Andrei"]
[Black "Grollemund, Bertrand"]
[Result "1-0"]
[WhiteElo "2538"]
[BlackElo "2182"]
[Annotator "TA"]
[PlyCount "100"]
[EventDate "2017.??.??"]
[EventType "team-tourn"]
[EventCountry "FRA"]
[SourceTitle "playchess.com"]
[Source "ChessBase"]
[SourceQuality "1"]
[WhiteTeam "Tremblay-En-France"]
[BlackTeam "Montpellier"]

{[%evp 21,100,42,43,32,38,37,39,37,40,33,49,34,71,41,83,69,82,58,64,74,70,60,68,31,78,47,41,22,24,27,107,112,137,150,150,141,147,139,132,143,141,134,126,95,104,37,51,51,135,121,108,125,168,166,214,200,209,181,213,213,199,197,199,199,177,180,217,233,224,156,244,425,422,421,405,399,1844,1719,1334,972,877]} 1. Nf3 g6 2. c4 Bg7 3. d4 c5 4. e4 cxd4 5. Nxd4 Nc6 6. Be3 Nf6 7. Nc3 d6 8. Be2 O-O 9. O-O Bd7 10. Re1 Nxd4 11. Bxd4 Bc6 {LiveBook: 50 Games. B38: Sicilian: Maroczy Bind with 5...Bg7 and 7...0-0} 12. Qd3 a5 13. Rad1 Nd7 {White is slightly better.} 14. Bxg7 Kxg7 15. Qd4+ Kg8 16. Bg4 Ne5 17. h3 (17. Bh3 g5 18. Re3 e6 {½-½ (78) Duda,J (2563)-Kuzubov,Y (2642) Yerevan 2014}) 17... h5 18. Be2 Nd7 19. Qd2 $146 Kh7 20. b3 Rg8 21. Qg5 f6 22. Qh4 Qf8 23. a3 {[%cal Ba2a3,Ba3b4,Bb4b5][%mdl 32]} Qh6 24. b4 (24. Nd5 $5 {[%cal Rd5e7]} Rae8 25. b4 $16) 24... axb4 25. axb4 {Threatens to win with b5.} Ra3 (25... Ne5 $11 {remains equal.}) 26. Nb1 $1 $36 {[%cal Rb1a3][%mdl 2048] Black is under strong pressure.} Ra1 27. b5 g5 28. Qg3 Bxe4 29. Nd2 Rxd1 30. Bxd1 f5 31. Nxe4 fxe4 32. Rxe4 e5 {[#]} 33. Re1 ({Better is} 33. Re3 $1 $16) 33... Nc5 $1 $14 34. Qf3 Rf8 (34... h4 $1 $14) 35. Qxh5 $16 Qxh5 36. Bxh5 {[%mdl 4096] Endgame KRB-KRN} Nb3 37. Bf3 b6 38. Bd5 Rf4 39. Re3 Na5 40. Be4+ Kg7 41. g3 Rf8 42. Bd5 Rc8 43. Rd3 Rc7 44. Kg2 Kf6 45. Kf3 e4+ (45... Rc5 $16 {keeps fighting.} 46. Rd2 Rc7) 46. Kxe4 $18 Nxc4 47. Bxc4 Rxc4+ {[#]} 48. Rd4 $1 {[%cal Rd4c4]} Rc2 $2 (48... d5+ 49. Kxd5 Rc5+ 50. Ke4 Re5+ 51. Kf3 Rxb5) 49. Rxd6+ Ke7 50. Rg6 Rc4+ {Precision: White = 77%, Black = 52%.} 1-0

[Event "Top 12 FRA-chT 2017"]
[Site "Chartres"]
[Date "2017.05.20"]
[Round "3"]
[White "Nataf, Igor-Alexandre"]
[Black "Navara, David"]
[Result "0-1"]
[WhiteElo "2535"]
[BlackElo "2739"]
[Annotator "TA"]
[PlyCount "82"]
[EventDate "2017.??.??"]
[EventType "team-tourn"]
[EventCountry "FRA"]
[SourceTitle "playchess.com"]
[Source "ChessBase"]
[SourceQuality "1"]
[WhiteTeam "Strasbourg"]
[BlackTeam "Mulhouse Philidor"]

{[%evp 24,82,22,24,33,12,104,117,310,313,310,231,235,215,214,206,222,118,110,20,0,0,0,0,144,20,19,8,10,-16,-21,-22,-16,-22,-14,-17,-15,-19,-22,-16,-8,-8,0,-167,-161,-156,-160,-289,-277,-865,-980,-972,-972,-958,-949,-935,-869,-959,-946,-29980,-29979]} 1. e4 c5 2. Nf3 e6 3. d4 cxd4 4. Nxd4 Nc6 5. Nc3 Qc7 6. Be2 a6 7. O-O Nf6 8. Be3 Be7 9. f4 d6 10. a4 O-O 11. Kh1 Re8 12. Qe1 Bd7 13. Qg3 Bf8 {B85: Sicilian Scheveningen: 6 Be2 a6, lines with early Be3} 14. Rad1 (14. a5 $5) 14... Rac8 (14... d5 $11) 15. Nf3 $1 $16 {Threatens to win with e5.} (15. Nb3 Nb4 16. a5 Bc6 17. Bb6 Qe7 18. Bd3 Nd7 19. Be3 Nc5 20. Nd4 Ncxd3 21. cxd3 {1-0 (50) Belous,V (2578)-Nguyen,D (2507) Yangon 2014}) 15... g6 $146 (15... Nb4 $16) ({Predecessor:} 15... Nb4 16. Bd4 Be7 17. e5 Nh5 18. Qg4 g6 19. exd6 Bxd6 20. Be5 {½-½ (30) Duong,T-Nguyen Huynh Minh,H Dong Thap 2001}) 16. e5 $18 Nh5 17. Qf2 f5 18. exd6 Bxd6 19. Bb6 Qb8 20. Ne5 (20. Rd2 $18) 20... Nf6 $16 21. Nxd7 ({White should play} 21. Nc4 $1 $16 {[%cal Rc4d6]} Bb4 22. Qh4) 21... Nxd7 $11 22. Be3 Qc7 23. Bf3 Na5 (23... Nf6 $11 {remains equal.}) 24. Ne2 (24. g4 $1 $16) 24... Nc4 25. Bc1 {aiming for Qd4.} (25. Bd4 $5 {[%cal Rb2b3]}) 25... Bc5 26. Nd4 Nf6 27. Qe2 Bxd4 28. Rxd4 e5 $36 {[%mdl 2048] Black has some pressure.} 29. fxe5 Nxe5 {Strongly threatening ...Neg4.} 30. Bf4 Nxf3 31. Qxf3 Qb6 32. Rd6 $1 {[%cal Rd6b6]} Qxb2 {And now ...Ne4 would win.} 33. Bc1 $2 (33. Qd3 $1 $11 {and White stays safe.}) 33... Qxc2 $19 34. Rxf6 {Black must now prevent Qd5+.} Qxc1 $1 35. Qd5+ (35. h3 $17 Qc4 36. Rb6) 35... Kh8 {[%cal Rc1f1]} 36. R6xf5 $2 (36. Qd1 Qxd1 37. Rxd1) 36... gxf5 {[%cal Rc1f1,Bg6f5,Bf5g4][%mdl 32]} 37. Qd4+ Kg8 38. Qd5+ {[#]} Kg7 $1 {[%cal Rc1f1]} 39. Qd7+ Kh6 {[%cal Rc1f1]} 40. Qd6+ {[#]} Kh5 $1 {[%cal Rc1f1]} 41. g4+ fxg4 {Precision: White = 22%, Black = 45%.} 0-1

[Event "Top 12 FRA-chT 2017"]
[Site "Chartres"]
[Date "2017.05.20"]
[Round "3"]
[White "Kveinys, Aloyzas"]
[Black "Wirig, Anthony"]
[Result "1-0"]
[WhiteElo "2520"]
[BlackElo "2486"]
[Annotator "TA"]
[PlyCount "83"]
[EventDate "2017.??.??"]
[EventType "team-tourn"]
[EventCountry "FRA"]
[SourceTitle "playchess.com"]
[Source "ChessBase"]
[SourceQuality "1"]
[WhiteTeam "Saint Quentin"]
[BlackTeam "Grasse Echecs"]

{[%evp 19,83,13,11,12,13,0,0,-6,0,0,0,0,0,0,0,-9,39,64,120,117,106,112,103,94,113,115,116,102,101,70,89,72,98,88,150,145,146,138,143,124,213,213,212,205,244,252,252,251,485,478,436,429,2344,762,2268,1887,1260,905,1019,1030,990,954,2214,1361,29972,29972]} 1. e4 c5 2. Nf3 Nc6 3. Bb5 g6 4. Bxc6 bxc6 5. O-O Bg7 6. Re1 Nf6 {[%cal Bg8f6,Bf6d5,Bd5c7,Bc7e6][%mdl 32]} 7. e5 Nd5 8. c4 Nc7 9. Nc3 Ne6 10. d3 O-O 11. Be3 {B31: Sicilian: 2...Nc6 3 Bb5 g6} (11. Bg5 Rb8 12. Rb1 Nxg5 13. Nxg5 d6 14. exd6 exd6 15. Nge4 f5 16. Nd2 f4 17. Qa4 Qc7 18. Qc2 Bf5 {½-½ (36) Garcia,G (2124)-Van Riemsdijk,H (2313) Brasilia 2016}) 11... d6 12. exd6 exd6 13. Qd2 {The position is equal.} Nd4 $146 ({Predecessor:} 13... Rb8 14. Rab1 Re8 15. Bh6 Bh8 16. b3 Rb7 17. Ne4 d5 18. Neg5 Rbe7 19. Nxe6 Rxe6 20. Rxe6 Bxe6 {1-0 (36) Suto,G (2170)-Konnyu,J Sarospatak 1998}) 14. Bxd4 cxd4 15. Ne4 f5 16. Neg5 {[%cal Be4g5,Bg5h3,Bh3f4,Bf4g6][%mdl 32]} Qf6 17. Nh3 h6 {Threatens to win with ...f4.} 18. Nf4 Qf7 {[#]} ({Better is} 18... g5 $14) 19. h4 $1 $16 {[%cal Bh2h4,Bh4h5][%mdl 32]} Bf6 20. h5 $36 {[%mdl 2048] White is in control.} g5 21. Ng6 Rd8 22. c5 Be6 23. cxd6 Rxd6 24. Nfe5 Qb7 25. b3 Bd5 26. Nc4 Re6 ({Black should play} 26... Rd7) 27. Rxe6 Bxe6 28. Re1 Qd7 29. Qa5 {And now Nb6! would win.} Re8 (29... Bxc4 $16 {keeps fighting.} 30. bxc4 f4) 30. Nge5 $18 Bxe5 31. Nxe5 ({Inferior is} 31. Qxe5 Bf7 $15) 31... Qd6 {[#]} 32. Ng6 $1 ({Less strong is} 32. Qxa7 Bxb3 33. axb3 Rxe5 $16) 32... Qd7 33. Qc5 Bd5 $2 (33... a6 34. Qe5 Qg7) 34. Rxe8+ Qxe8 35. Qxd4 Qe1+ (35... Kf7 $142 36. Qxa7+ Kf6 37. Qd4+ Kf7 38. Qa7+ Kf6 39. Qd4+ Kf7 40. Qa7+) 36. Kh2 {White wants to mate with Qh8+.} Kf7 37. Qxa7+ Kf6 38. Qd4+ Ke6 39. Qg7 {[%csl Gg6][%cal Rg7e7]} Kd6 40. Qxh6 Qxf2 41. Qxg5 {[%csl Gg6][%cal Rg5e7]} Kc5 42. h6 {Precision: White = 85%, Black = 36%.} 1-0

[Event "Top 12 FRA-chT 2017"]
[Site "Chartres"]
[Date "2017.05.20"]
[Round "3"]
[White "Bailet, Pierre"]
[Black "Demuth, Adrien"]
[Result "1/2-1/2"]
[WhiteElo "2519"]
[BlackElo "2542"]
[Annotator "TA"]
[PlyCount "73"]
[EventDate "2017.??.??"]
[EventType "team-tourn"]
[EventCountry "FRA"]
[SourceTitle "playchess.com"]
[Source "ChessBase"]
[SourceQuality "1"]
[WhiteTeam "Vandoeuvre"]
[BlackTeam "Nice Alekhine"]

{[%evp 21,73,29,40,34,41,38,47,65,64,59,70,63,63,45,59,46,156,97,152,16,115,88,88,88,124,90,97,90,125,108,160,102,111,16,39,14,40,0,204,197,192,166,205,0,0,0,0,0,0,0,0,0,0,0]} 1. e4 e5 2. Nf3 Nc6 3. Bb5 a6 4. Ba4 Nf6 5. O-O Bc5 6. c3 b5 7. Bb3 d6 8. a4 Bg4 9. d3 O-O 10. Bg5 Rb8 11. axb5 axb5 12. h3 {C78: Ruy Lopez: Archangelsk and Möller Defences} Bxf3 13. Qxf3 h6 14. Bh4 {White is slightly better.} g5 15. Bg3 Kg7 16. Nd2 Qd7 $146 ({Predecessor:} 16... Ra8 17. Rxa8 Qxa8 18. Bd5 Nxd5 19. exd5 Ne7 {½-½ (50) Marholev,D (2400)-Vlashki,N (2206) Plovdiv 2008}) 17. Rfe1 g4 18. hxg4 Nxg4 (18... Qxg4 $14 19. Qxg4+ Nxg4) 19. Nf1 (19. Qd1 $142) 19... Ne7 (19... h5 $142) 20. Ne3 (20. Qd1 $16) 20... h5 (20... Bxe3 $1 $11 {remains equal.} 21. fxe3 f5) 21. Nf5+ $16 Nxf5 22. exf5 ({Of course not} 22. Qxf5 Qxf5 23. exf5 b4 $15) 22... Qd8 23. Re4 Qg5 24. d4 $36 {[%mdl 2048] Keeping Black busy.} exd4 25. cxd4 Bb6 (25... Bb4 $142) 26. Rae1 (26. Rf4 $142 {And now f6+! would win.} Qf6 27. Rd1) 26... Ba5 27. f6+ ({White should play} 27. Bf4 $16 Qh4 28. Bg3) 27... Qxf6 $11 28. Rf4 Qg6 29. Re7 {[%mdl 1024] Black must now prevent Bc2! White has compensation.} Nh6 $2 {[#]} (29... Rbe8 $1 $11 {and Black stays safe.} 30. Rfxf7+ (30. Rexf7+ Rxf7 31. Rxf7+ Kh8 $14) 30... Rxf7 31. Rxf7+ Kh8) 30. Bh4 $1 $18 Rbe8 31. Bf6+ Kg8 32. Bc2 $2 (32. Rxe8 $18 Rxe8 33. g3) 32... Qxc2 $11 {The position is equal.} 33. Qg3+ Ng4 34. Rxg4+ $1 hxg4 35. Qxg4+ Qg6 36. Qxg6+ fxg6 37. Rg7+ {Precision: White = 20%, Black = 53%.} 1/2-1/2

[Event "Top 12 FRA-chT 2017"]
[Site "Chartres"]
[Date "2017.05.20"]
[Round "3"]
[White "Sanikidze, Tornike"]
[Black "Sokolov, Andrei"]
[Result "1-0"]
[WhiteElo "2518"]
[BlackElo "2519"]
[Annotator "TA"]
[PlyCount "72"]
[EventDate "2017.??.??"]
[EventType "team-tourn"]
[EventCountry "FRA"]
[SourceTitle "playchess.com"]
[Source "ChessBase"]
[SourceQuality "1"]
[WhiteTeam "Strasbourg"]
[BlackTeam "Mulhouse Philidor"]

{[%evp 19,72,14,28,-36,-32,-36,-17,-28,7,0,29,16,10,0,16,0,4,0,0,0,0,-11,0,0,0,-18,-14,-39,-20,-118,49,49,129,129,114,119,129,120,131,127,120,118,410,400,375,335,414,418,658,653,613,612,593,577,29990]} 1. d4 Nf6 2. c4 e6 3. Nf3 b6 4. a3 Bb7 5. Nc3 d5 6. cxd5 Nxd5 7. Qa4+ Nd7 8. Nxd5 Bxd5 {E12: Queen's Indian: Unusual White 4th moves, 4 a3, 4 Nc3 Bb7 5 a3 and 4 Nc3 Bb7} 9. Qc2 Rc8 (9... Be7 10. e4 Bb7 11. Bf4 Rc8 12. Rd1 O-O 13. Bb5 c6 14. Be2 c5 15. dxc5 Rxc5 16. Qa4 {½-½ (103) Sanikidze,T (2537)-Matlakov,M (2693) Gjakova 2016}) 10. e4 Bb7 {LiveBook: 3 Games. The position is equal.} 11. Bf4 ({Better is} 11. Bc4 $11) 11... Bd6 $15 12. Bg3 Bxg3 $146 ({Predecessor:} 12... O-O 13. O-O-O h6 14. Kb1 Bxg3 15. hxg3 c5 16. d5 exd5 17. exd5 {½-½ (33) Hort,V (2590)-Lau,R (2540) Dortmund 1988}) 13. hxg3 c5 14. d5 $1 {[%cal Rd5e6]} exd5 (14... c4 $5) 15. exd5 Qe7+ 16. Kd2 Qd6 17. Re1+ Kf8 18. Rxh7 Rxh7 19. Qxh7 {[%cal Rh7h8]} Nf6 20. Qh8+ Ng8 21. Bd3 Bxd5 22. Kc2 {Strongly threatening Bh7.} (22. Ng5 $5 {[%cal Rg5h7]} Qh6 23. Qxh6 Nxh6 24. f3 $11) 22... Rd8 23. Bh7 {[%csl Gh7][%cal Rh8g8]} f6 {White should prevent ...b5.} 24. Re3 (24. Kb1 $11) 24... Bf7 $2 (24... Bc4 $17 {( -> ...Qd1+)} 25. Kc3 b5) 25. Rd3 $40 {[%mdl 128] White is up to no good.} Qe7 {[#]} (25... Qc7 $14) 26. Ne5 $1 $16 {[%cal Re5g6][%mdl 512]} fxe5 (26... Qxe5 27. Rxd8+) 27. Bxg8 $1 Bxg8 28. Rf3+ Ke8 29. Qxg8+ {[%mdl 4096] Endgame KQR-KQR} Kd7 30. Rd3+ Kc7 $2 {[%mdl 8192]} (30... Kc8 $16 {keeps fighting.} 31. Rxd8+ Qxd8 32. Qe6+ (32. Qxg7 Qd4 $14) 32... Qd7 33. Qxe5 Qa4+ 34. Kd2 Qd7+ 35. Kc2 Qa4+ 36. Kd2 Qd7+ 37. Ke2 Kb7) 31. Rxd8 $18 Qxd8 32. Qxg7+ {KQ-KQ} Kc6 33. Qxe5 c4 (33... Qg8 $142 34. Qe4+ Kd6) 34. Qe4+ {White is clearly winning.} Kc5 35. g4 b5 36. Qe3+ Kd5 {Precision: White = 52%, Black = 43%.} 1-0

[Event "Top 12 FRA-chT 2017"]
[Site "Chartres"]
[Date "2017.05.20"]
[Round "3"]
[White "Delorme, Axel"]
[Black "Decosse, Jean-Fabien"]
[Result "1-0"]
[WhiteElo "2514"]
[BlackElo "2216"]
[Annotator "TA"]
[PlyCount "59"]
[EventDate "2017.??.??"]
[EventType "team-tourn"]
[EventCountry "FRA"]
[SourceTitle "playchess.com"]
[Source "ChessBase"]
[SourceQuality "1"]
[WhiteTeam "Clichy"]
[BlackTeam "Lisieux"]

{[%evp 9,59,36,70,69,76,68,99,99,91,97,96,91,96,68,117,104,105,104,146,131,136,141,270,273,498,478,459,459,739,507,496,436,463,480,1016,653,648,631,631,619,616,599,815,814,766,629,606,479,700,695,692,685]} 1. e4 d6 2. d4 Nf6 3. Nc3 e5 4. Nge2 Nc6 5. f3 (5. d5 Ne7 6. f3 c6 7. Bg5 Ng6 8. Qd2 h6 9. Be3 Be7 10. O-O-O cxd5 11. Nxd5 Nxd5 12. Qxd5 O-O {1-0 (44) Li,R (2550)-Kadric,D (2583) Dallas 2016}) 5... g6 6. Be3 {B07: Pirc Defence: Miscellaneous Systems} exd4 7. Nxd4 Nxd4 8. Qxd4 {White is better.} Bg7 9. O-O-O O-O 10. Qd2 Be6 11. g4 $146 ({Predecessor:} 11. Bh6 Bxh6 12. Qxh6 Nd7 {½-½ (36) Barsegian,A (2330)-Cyborowski,L (2425) Krakow 1998}) 11... Nd7 12. h4 Ne5 13. Be2 Nc4 14. Bxc4 $1 Bxc4 15. h5 Re8 (15... Qe7 $16 {was worth a try.} 16. Kb1 b6) 16. hxg6 $18 hxg6 $2 (16... fxg6 17. Qh2 h6 18. Bxh6 Qe7 19. Bxg7 Qxg7) 17. Bd4 {White is clearly winning.} f6 {[#]} 18. g5 $1 {[%mdl 512]} Qe7 (18... c6 $142 19. gxf6 Bxf6) (18... fxg5 19. Bxg7) 19. Qh2 fxg5 20. Qh7+ ({Less strong is} 20. b3 Be6 $16) 20... Kf8 21. Qxg6 Bg8 (21... Qf7 $142 22. Qxg5 Re5 23. Bxe5 Bxe5) 22. Nd5 Bxd5 23. Rh7 {[%cal Rd4g7]} ({Weaker is} 23. exd5 Bxd4 24. Rxd4 Qg7 $16) 23... Bxd4 24. Rxd4 {[#] Threatening mate with Rh8+.} Qxh7 25. Qxh7 Bf7 26. Qh6+ Ke7 27. Qxg5+ Kd7 28. e5 Re6 (28... Be6 $142 29. exd6 cxd6) 29. exd6 Rxd6 30. Qb5+ {Precision: White = 98%, Black = 30%.} 1-0

[Event "Top 12 FRA-chT 2017"]
[Site "Chartres"]
[Date "2017.05.20"]
[Round "3"]
[White "Vernay, Clovis"]
[Black "Naiditsch, Arkadij"]
[Result "0-1"]
[WhiteElo "2501"]
[BlackElo "2700"]
[Annotator "TA"]
[PlyCount "62"]
[EventDate "2017.??.??"]
[EventType "team-tourn"]
[EventCountry "FRA"]
[SourceTitle "playchess.com"]
[Source "ChessBase"]
[SourceQuality "1"]
[WhiteTeam "Bois-Colombes"]
[BlackTeam "Bischwiller"]

{[%evp 17,62,0,0,-2,0,-14,-14,-6,-5,-36,-35,-36,-27,-26,-23,-18,-18,-33,-18,-26,-26,-26,-26,-40,-36,-48,-46,-48,-48,-61,-62,-65,-70,-63,-69,-93,-52,-190,-190,-200,-202,-192,-191,-204,-184,-193,-160]} 1. d4 e6 2. c4 Nf6 3. Nf3 d5 4. Nc3 c6 5. e3 Nbd7 6. a3 Bd6 7. Qc2 O-O 8. Bd3 {D45: Semi-Slav: 5 e3} (8. Bd2 Re8 9. Be2 a6 10. O-O e5 11. cxd5 cxd5 12. Qb3 e4 13. Ng5 h6 14. Nxf7 Kxf7 15. f3 Kg6 16. Nxd5 Nxd5 17. fxe4 {0-1 (25) Dobrov,V (2505)-Parligras,M (2596) Kavala 2016}) 8... e5 9. cxd5 cxd5 {[#] LiveBook: 4 Games. And now ...e4 would win.} 10. Nb5 {The position is equal.} Bb8 {Hoping for ...e4.} 11. dxe5 Nxe5 12. Nxe5 Bxe5 13. f4 $146 ({Predecessor:} 13. Bd2 a6 14. Nc3 b5 15. O-O-O Qb6 {1-0 (41) Efimov,I (2450)-Thallinger,H (2280) Montecatini Terme 1995}) 13... Bb8 14. O-O a6 15. Nd4 Ba7 16. Bd2 Re8 17. h3 Bd7 18. Rfe1 Ne4 19. Bxe4 Rxe4 20. Qb3 Bc6 21. Qd3 Qf6 {[%cal Ra7d4]} 22. Bc3 Rae8 23. Kh1 Bd7 24. Nf3 Qg6 25. Ne5 Qe6 26. Rad1 Bc6 27. Bd4 ({Better is} 27. Nxc6 $15 bxc6 28. Bd2) 27... Bxd4 $19 {Black is clearly better.} 28. exd4 f6 ({Don't play} 28... Rxf4 29. Nxc6 Qxc6 30. Rxe8+ Qxe8 31. Qg3 $17) 29. f5 Qd6 30. Nf3 Qg3 {[%cal Re4e1]} 31. Qd2 Bb5 {Precision: White = 45%, Black = 74%.} 0-1

[Event "Top 12 FRA-chT 2017"]
[Site "Chartres"]
[Date "2017.05.20"]
[Round "3"]
[White "Sulava, Nenad"]
[Black "Nezar, Mustapha"]
[Result "1-0"]
[WhiteElo "2468"]
[BlackElo "2354"]
[Annotator "TA"]
[PlyCount "37"]
[EventDate "2017.??.??"]
[EventType "team-tourn"]
[EventCountry "FRA"]
[SourceTitle "playchess.com"]
[Source "ChessBase"]
[SourceQuality "1"]
[WhiteTeam "Nice Alekhine"]
[BlackTeam "Vandoeuvre"]

{[%evp 17,37,31,56,41,71,20,97,79,208,215,199,219,673,639,1450,1440,2254,2157,29991,29988,29998,29999]} 1. d4 Nf6 2. Nf3 e6 3. c4 b6 4. e3 Bb7 5. Bd3 c5 6. O-O Be7 7. Nc3 cxd4 8. exd4 O-O 9. d5 h6 {[%cal Re6d5]} 10. Re1 {E14: Queen's Indian: Classical Variation (4 e3)} Re8 11. Bf4 (11. Bc2 $16) 11... Bf8 $146 (11... Bb4 $11 {remains equal.}) ({Predecessor:} 11... exd5 12. cxd5 Nxd5 13. Nxd5 Bxd5 14. Bc2 Bxf3 15. Qxf3 Nc6 16. Qd3 g6 17. Bb3 {1-0 (30) Halkias,S (2565)-Ancion,M (1954) Helsingor 2013}) 12. Nb5 $16 {Strongly threatening Nc7.White is better.} Nh5 (12... Bb4 $16) 13. Bc7 $18 Qc8 14. Be5 Na6 $2 {[#]} (14... exd5 15. cxd5 d6) 15. Ng5 $1 {[%mdl 512]} g6 (15... hxg5 16. Qxh5) 16. Nxf7 Kxf7 17. Qg4 Kg8 18. Qxg6+ Ng7 19. Nd6 {Precision: White = 68%, Black = 12%.} 1-0

[Event "Top 12 FRA-chT 2017"]
[Site "Chartres"]
[Date "2017.05.20"]
[Round "3"]
[White "Relange, Eloi"]
[Black "Apicella, Manuel"]
[Result "1/2-1/2"]
[WhiteElo "2464"]
[BlackElo "2515"]
[Annotator "TA"]
[PlyCount "46"]
[EventDate "2017.??.??"]
[EventType "team-tourn"]
[EventCountry "FRA"]
[SourceTitle "playchess.com"]
[Source "ChessBase"]
[SourceQuality "1"]
[WhiteTeam "Saint Quentin"]
[BlackTeam "Grasse Echecs"]

{[%evp 21,46,14,14,0,12,0,17,10,10,10,12,11,0,0,10,11,7,11,4,7,3,3,10,10,15,17,29]} 1. d4 e6 2. c4 Nf6 3. Nf3 d5 4. g3 Be7 5. Bg2 O-O 6. O-O dxc4 7. Qc2 a6 8. a4 Bd7 9. Qxc4 Bc6 10. Bg5 Nbd7 11. Nc3 h6 {LiveBook: 74 Games. The position is equal.} 12. Bd2 {E05: Open Catalan: 5 Nf3 Be7} (12. Bxf6 $5 Nxf6 13. Ne5 $11) (12. Bf4 Bd6 13. Ne5 Bxg2 14. Kxg2 Nb6 15. Qb3 a5 16. Rfd1 Nfd5 17. Nxd5 exd5 18. Nd3 Bxf4 19. Nxf4 c6 {½-½ (48) Vachier Lagrave,M (2804)-Dominguez Perez,L (2739) Doha 2016}) 12... Ne4 13. Bf4 $146 ({Predecessor:} 13. Nxe4 Bxe4 14. Ba5 Bd6 15. Rac1 b6 16. Bb4 Bd5 17. Qc3 c5 18. Ba3 Nf6 19. Rfd1 c4 {0-1 (75) Loetscher,R (2295)-Donev,I (2396) Switzerland 2001}) 13... Nb6 14. Qd3 Nxc3 15. bxc3 Nxa4 16. c4 b5 {White must now prevent ...Nb2.} 17. Qc2 {[#] And now cxb5 would win.} Nb6 18. cxb5 Bxb5 19. Bxc7 Qc8 20. Rfc1 {[%cal Bf1c1,Bc1c2,Bc2b2][%mdl 32]} Nd5 21. Ba5 Qxc2 22. Rxc2 Rac8 (22... Rfc8 $5 {[%cal Rc8c2]} 23. Rb2 Rab8 $11) 23. Rb2 Bd8 1/2-1/2

[Event "Top 12 FRA-chT 2017"]
[Site "Chartres"]
[Date "2017.05.20"]
[Round "3"]
[White "Abergel, Thal"]
[Black "Youssoupov, Moisse"]
[Result "1-0"]
[WhiteElo "2457"]
[BlackElo "2233"]
[Annotator "TA"]
[PlyCount "55"]
[EventDate "2017.??.??"]
[EventType "team-tourn"]
[EventCountry "FRA"]
[SourceTitle "playchess.com"]
[Source "ChessBase"]
[SourceQuality "1"]
[WhiteTeam "Tremblay-En-France"]
[BlackTeam "Montpellier"]

{[%evp 19,55,25,69,0,0,0,0,-25,-38,-52,-39,-57,0,0,261,268,300,302,381,373,362,374,335,254,241,252,228,244,229,221,241,235,498,506,489,502,529,502]} 1. Nf3 Nf6 2. g3 g6 3. Bg2 Bg7 4. O-O O-O 5. c4 c5 6. Nc3 Nc6 7. d4 d5 8. cxd5 Nxd5 9. Nxd5 Qxd5 10. Be3 Rd8 {[%cal Rc5d4] LiveBook: 4 Games. D75: Fianchetto Grünfeld: Main Line with 7...c5} 11. dxc5 (11. Qa4 $1 $14) 11... Qc4 $11 12. Nd2 {[%cal Bf3d2,Bd2c4,Bc4a5][%mdl 32]} Qa6 {The position is equal.} 13. Qc2 $146 ({Predecessor:} 13. Re1 Bxb2 14. Rb1 Bd4 15. Bxd4 Rxd4 16. Rb2 Be6 17. Qc1 Rad8 18. h4 {1-0 (41) Kovalenko,I (2637)-Kantans,T (2449) Vilnius 2014}) 13... Qxe2 14. Rfe1 Qb5 15. Nc4 Nb4 (15... Nd4 $15 16. Bxd4 Bxd4) 16. Qb3 $1 Be6 $2 {[%mdl 8192] [#]} (16... a5 $1 $11 {and Black has nothing to worry.} 17. Nb6 Be6) 17. Bf1 $1 $18 a6 18. a4 Qa5 19. Nxa5 Bxb3 20. Nxb3 Nc2 21. Rac1 Nxe1 22. Rxe1 Bxb2 23. Rb1 Bc3 24. Bg2 Rab8 25. Bf3 Bg7 $2 {[#]} (25... e5 26. Bg5 Re8) 26. Na5 {White is clearly winning.} Bc3 27. Nxb7 Bd4 28. Rd1 {Precision: White = 69%, Black = 38%.} 1-0

[Event "Top 12 FRA-chT 2017"]
[Site "Chartres"]
[Date "2017.05.20"]
[Round "3"]
[White "Ider, Borya"]
[Black "Heinz, Timothee"]
[Result "1/2-1/2"]
[WhiteElo "2456"]
[BlackElo "2353"]
[Annotator "TA"]
[PlyCount "104"]
[EventDate "2017.??.??"]
[EventType "team-tourn"]
[EventCountry "FRA"]
[SourceTitle "playchess.com"]
[Source "ChessBase"]
[SourceQuality "1"]
[WhiteTeam "Mulhouse Philidor"]
[BlackTeam "Strasbourg"]

{[%evp 23,104,13,11,0,-9,-11,0,0,0,-16,0,0,0,-26,-19,-31,-25,-36,-23,-19,-15,-19,0,0,0,0,11,6,18,0,0,0,0,0,0,0,0,0,0,0,0,0,0,0,8,8,32,25,74,74,74,74,80,80,83,0,0,0,0,0,0,0,0,0,0,0,0,0,0,0,0,0,0,0,0,0,0,0,0,0,0,0,0]} 1. d4 d5 2. c4 c6 3. Nf3 Nf6 4. Qb3 dxc4 5. Qxc4 Bf5 6. g3 Nbd7 7. Bg2 e6 8. O-O Be7 9. e3 O-O 10. Qe2 Ne4 11. Nc3 Nxc3 12. bxc3 Be4 13. Nd2 {D23: Queen's Gambit Accepted: 3 Nf3 Nf6 sidelines} Bxg2 14. Kxg2 c5 $146 ({Predecessor:} 14... Nf6 15. e4 c5 16. Bb2 cxd4 17. cxd4 Rc8 18. Nb3 Qd7 19. Rfd1 Qa4 20. Rd3 Rc4 {0-1 (61) Toth,L (2217)-To,N (2234) Budapest 2006}) 15. Rb1 Nb6 16. Qf3 Qd7 17. Ba3 Rac8 18. Ne4 {[%cal Re4c5]} cxd4 19. Bxe7 Qxe7 20. cxd4 Nd5 21. Rfc1 b6 22. Nd2 Qb7 23. e4 Nf6 24. e5 Qxf3+ 25. Kxf3 Nd5 26. Ne4 f6 27. Kg2 Rxc1 28. Rxc1 $11 {[%mdl 4096] Endgame KRN-KRN} Kf7 29. f4 Ke7 30. h4 {[%cal Bh2h4,Bh4h5][%mdl 32]} Kd7 31. Nd6 Rg8 32. Kf3 f5 33. h5 g6 34. h6 g5 35. fxg5 Rxg5 36. Rc8 {Hoping for Rb8.} Rg6 37. Ra8 Rxh6 38. Rxa7+ Kc6 {[#]} 39. Nf7 (39. a4 $1 $16 Nc3 40. Nc8) 39... Rg6 {The position is equal.} 40. Nd8+ Kb5 41. Rxh7 Kc4 42. Nc6 b5 43. Ne7 Nxe7 44. Rxe7 Kxd4 {KR-KR} 45. Rb7 Kc4 46. Rb6 b4 47. Rd6 Kc3 48. Rb6 Kc4 49. Rd6 Kc5 50. Kf4 Rg4+ 51. Kf3 Rg6 52. Kf4 Rg4+ {Precision: White = 82%, Black = 73%.} 1/2-1/2